000 00780nam a2200193 i 4500
001 50380
003 ES-MaACL
005 20230906162153.0
007 t|
008 030804q1934 sp ||||1| spa d
100 1 _aCuevas Rey, Francisco de las.
_942113
245 1 0 _aConcurso entre ingenieros industriales
_b: ... sobre un proyecto de bases para una legislación de protección y auxilio a la industria... /
_cpor Francisco de las Cuevas Rey.
260 _a[Madrid?] :
_bConsejo de Industria,
_c[1934?]
300 _a40 p. ;
_c28 cm.
500 _aPrecede al tít.: Ministerio de Industria y Comercio. Dirección General de Industria.
710 1 _aEspaña.
_bDirección General de Industria.
_93742
710 2 _aConsejo de Industria.
_93188
852 _aES-MaACL
_j1971-F-18
999 _c50380
_d50380